Responses for show #581 - Monday, March 2, 1987

Alex announces the first Senior Tournament.

Contestants

[<< previous game]

Pat Howe, a homemaker from Pittsburgh, Pennsylvania

Paula Wilhelm-Naughtin, a neighborhood association coordinator from Lawrence, Kansas

Virginia Sielen, a homemaker from Oakton, Virginia (whose 2-day cash winnings total $17,600)

Jeopardy! Round responses

HOUSE PLANTS
THE FOOD BUSINESS
ANIMAL RECORDS
ASTRONOMY
PHONE NUMBERS
FUNNY MEN
    $100 14
avocado

Paula
    $100 20
(Alex: And we have a minute to go in the round.)

Campbell's

Pat
    $100 15
frog jumping

Paula
    $100 11
the sun

Virginia
    $100 1
Ohio

Virginia
    $100 3
David Brenner

Virginia
    $200 21
Jack Daniel's

Pat
    $200 16
Mickey Mouse

Paula
    $200 12
the Big Bang Theory

Virginia
    $200 2
(Alex: They call it "Zoo Doo".)

manure

Paula
    $200 4
Bruce Willis

Virginia
    $300 22
Peter Paul

Virginia
    $300 17
(Pat: Who is Seattle Slew?)

John Henry

Pat
Triple Stumper
    $300 13
(Paula: What is Mars?)

Venus

PaulaPat
    $300 8
611

Triple Stumper
    $300 5
Danny Thomas

Pat
    $400 23
A&W Root Beer

Virginia
    $400 18
giant squid

Virginia
    $400 9
Transylvania 6-5000

Triple Stumper
    $400 6
Marty Allen

Pat
    $500 24
[end-of-round signal sounds]

The Great Atlantic & Pacific Tea Company

Pat
    $500 19
Barbara Woodhouse

Paula
    $500 10
(Pat: What is directory assistance?)

weather

VirginiaPat
    $500 7
Dick Van Dyke

Virginia

Scores at the first commercial break (after clue 10):

Virginia Paula Pat
$1,400 $200 $200

Scores at the end of the Jeopardy! Round:

Virginia Paula Pat
$2,800 $800 $1,000

Double Jeopardy! Round responses

OPERA
THE BIBLE
EUROPE
PRESIDENTS
DIRECTORS
"COCK" A DOODLE DOO
    $200 17
clowns

Paula
    $200 19
Adam

Pat
    $200 9
Italy

Paula
    $200 1
the First World War

Pat
    $200 6
Mack Sennett

Triple Stumper
    $200 15
cockpit

Virginia
    $400 18
(Paula: What are apples?)

Oranges

VirginiaPaula
    $400 20
(Paula: What is Leviticus?)
(Virginia: What is Aaron?)

Joshua

VirginiaPaulaPat
    $400 10
Sofia

Virginia
    $400 2
Lyndon Johnson

Pat
    $500 7
To Sir With Love

Paula
    $400 16
Cocker Spaniel

Paula
    $600 28
[end-of-round signal sounds]

Verdi

Virginia
    $1,000 21
Caesar (Tiberius)

Pat
    $600 11
Munich

Paula
    $600 3
Ulysses S. Grant

Pat
    $600 8
(Pat: Who was Charlie Chaplin?)

Alfred Hitchcock

VirginiaPat
    $600 24
(Paula: What is a weathervane?)

weathercock

PaulaPat
    $800 22
(Paula: What is an hourglass?)
(Pat: What is a candle?)

sundial

PaulaPat
Triple Stumper
    $800 13
Sweden

Virginia
    $800 4
Andrew Johnson

Virginia
    $800 12
Ingmar Bergman

Virginia
    $800 25
cockamamie

Pat
    $1000 23
(Alex: Minute to go in the round.)

Peter

Pat
    $1000 14
Prague

Triple Stumper
    $1000 5
(Herbert) Hoover

Paula
    $1000 27
(Paula: Who is Henry Ford?)
(Virginia: Who was John Ford?)

Henry Hathaway

VirginiaPaula
Triple Stumper
    $1000 26
stopcock

Triple Stumper

Scores at the end of the Double Jeopardy! Round:

Virginia Paula Pat
$6,000 $500 $4,800

[wagering suggestions for these scores]

Final Jeopardy! Round responses

ISLANDS
PaulaWhat is Vancouver?
$300
PatWhat is Quebec?
$2,400
VirginiaWhat is Vancouver
$3,601
Montreal

Final scores:

Virginia Paula Pat
$2,399 $200 $2,400
2nd place: a Whirlpool refrigerator + Donvier ice cream makers 3rd place: a Smith Corona typewriter New champion: $2,400

Game dynamics:

Coryat scores:

Virginia Paula Pat
$6,000 $400 $4,400
18 R
(including 1 DD),
2 W
11 R
(including 1 DD),
6 W
15 R
(including 1 DD),
4 W

Combined Coryat: $10,800

The J! Archive is created by fans, for fans. The Jeopardy! game show and all elements thereof, including but not limited to copyright and trademark thereto, are the property of Jeopardy Productions, Inc. and are protected under law. This website is not affiliated with, sponsored by, or operated by Jeopardy Productions, Inc. Join the discussion at JBoard.tv.